[Event "HCL-A2535"]
[Site "www.playchess.de"]
[Date "2006.01.11"]
[Round "2"]
[White "yannick"]
[Black "Torenvalk"]
[WhiteElo "1584"]
[BlackElo "1532"]
[PlyCount "54"]
[Result "1/2-1/2"]

1.g4 {hi,good tournament}  d5 {Thanks yannick.Good 
luck.}  2.Bg2 c6 3.c4 Bxg4 4.cxd5 cxd5 5.Nc3 Nf6 
6.Qb3 Bc8 7.Nxd5 Nc6 8.Nxf6+ exf6 9.Bd5 Qc7 
10.Qe3+ Be7 11.Bc4 Ne5 12.Bb5+ Bd7 13.Bxd7+ Qxd7 
14.d4 Rd8 15.Nf3 Nxf3+ 16.Qxf3 Qxd4 17.O-O O-O 
18.Be3 Qxb2 19.Rfb1 Qe5 20.Qg2 Rfe8 21.Bxa7 Qxe2 
22.Rxb7 Rd1+ 23.Rxd1 Qxd1+ 24.Qf1 Qg4+ 25.Qg2 Qd1+ 
26.Qf1 Qg4+ 27.Qg2 Qd1+ {(offering draw)} 
 1/2-1/2

[Event "HCL-B3770"]
[Site "www.playchess.de"]
[Date "2006.01.11"]
[Round "7"]
[White "GMO"]
[Black "DrNickRiviera"]
[WhiteElo "1366"]
[BlackElo "1146"]
[PlyCount "69"]
[Result "1-0"]

1.e4 e5 2.Bc4 Nf6 3.d3 Bc5 4.h3 O-O 5.Nf3 d6 6.O-O 
c6 7.Bg5 Qb6 8.Bb3 Bg4 9.Bxf6 Bxf3 10.Qxf3 gxf6 
11.Qxf6 Nd7 12.Qg5+ Kh8 13.Qf5 Qd8 14.Nc3 b5 15.a4 
a6 16.axb5 f6 17.bxc6 Nb8 18.Ba4 Bb6 19.Nd5 a5 
20.b4 axb4 21.Bb5 Ba5 22.c7 Qc8 23.Qxc8 Rxc8 
24.cxb8Q Rcxb8 25.Bc4 Rbf8 26.Ra4 Ra7 27.Rfa1 Rfa8 
28.Nxf6 Bb6 29.R4xa7 Bxa7 30.Kf1 Rf8 31.Rxa7 Rxf6 
32.Rb7 h6 33.Rxb4 Rf8 34.Rb6 Rd8 
35.Bd5 1-0

[Event "HCL-E1539"]
[Site "www.playchess.de"]
[Date "2006.01.11"]
[Round "4"]
[White "ippuli"]
[Black "BohdanL"]
[WhiteElo "1614"]
[BlackElo "1486"]
[PlyCount "40"]
[Result "0-1"]

1.e4 {Hello! Good luck...}  e5 {Hi, thanks, and 
for you too}  2.d4 exd4 3.c3 dxc3 4.Bc4 {Don't be 
too greed... ;-))}  cxb2 {well, it is first time i 
play this opening, so first will try the main line 
:-)}  5.Bxb2 {Good for you!}  d5 {thanks :-)}  
6.Bxd5 Nf6 7.Nc3 Nxd5 8.Nxd5 Nc6 9.Nf3 Bg4 10.O-O 
Qd7 11.Qb3 O-O-O 12.Rfd1 Qe6 13.Qc3 Bxf3 14.Qxf3 
f6 15.Nf4 Rxd1+ 16.Rxd1 Qxa2 17.Qc3 Bb4 18.Qh3+ 
Kb8 19.Nd3 Qb3 20.Nxb4 Qxd1+ {Well, blunder, but i 
do not know how this game would end, may be we 
could go with draw. But nice opening, thank you 
for the game and good luck in your others.} 
 0-1

[Event "HCL-C3994"]
[Site "www.playchess.de"]
[Date "2006.01.11"]
[Round "9"]
[White "Roger_K"]
[Black "jayr015"]
[WhiteElo "1132"]
[BlackElo "760"]
[PlyCount "27"]
[Result "1-0"]

1.e4 e5 {Good Luck!}  2.Nf3 Nc6 3.Nc3 Bc5 4.Bc4 
Qe7 5.Nd5 Qd6 6.Ng5 Nh6 7.Nc3 O-O 8.Qh5 Nd8 9.d3 
Qf6 10.O-O g6 11.Qxh6 Qg7 12.Qxg7+ Kxg7 13.Be3 b6 
14.Bxc5 1-0

[Event "HCL-C4013"]
[Site "www.playchess.de"]
[Date "2006.01.11"]
[Round "12"]
[White "Walter2"]
[Black "willi_weizenkeim"]
[WhiteElo "800"]
[BlackElo "1041"]
[PlyCount "68"]
[Result "0-1"]

1.e4 g6 {hallo walter !}  2.d4 {Hallo, wie lange 
spielst du schon?
Bist du gut?}  Bg7 {ich weiss nicht, ob ich gut 
bin, ich halte mich über wasser .-)}  3.Nc3 e6 
4.Nf3 Nc6 5.d5 Bxc3+ 6.bxc3 Nce7 7.Ng5 f6 8.Nh3 g5 
9.Qh5+ Ng6 10.dxe6 dxe6 11.Ba3 c6 12.Rd1 Qa5 
13.Bb4 Qe5 14.Bd3 Bd7 15.g3 c5 16.Ba3 Qxc3+ 17.Rd2 
Qxa3 18.e5 Qc1+ 19.Rd1 Qb2 20.exf6 Qxf6 21.Nxg5 
Qe5+ 22.Be2 Nf6 23.Qh6 Bb5 24.Rd2 Qa1+ 25.Bd1 Qxa2 
26.Rd6 Rg8 27.Rxe6+ Kd7 28.Rxf6 Rae8+ 29.Kd2 Qa5+ 
30.c3 Qa2+ 31.Kc1 Qa1+ 32.Kd2 Qb2+ 33.Bc2 Re2+ 
34.Kd1 Qxc2+ 0-1

[Event "HCL-E1515"]
[Site "www.playchess.de"]
[Date "2006.01.11"]
[Round "9"]
[White "One_i"]
[Black "XANDERKIRV"]
[WhiteElo "1689"]
[BlackElo "1581"]
[PlyCount "51"]
[Result "1-0"]

1.d4 {Hi, have a good game.}  d5 {Hi and good 
luck.}  2.Bf4 e6 3.e3 a6 4.Nf3 h6 5.h3 Nf6 6.Bd3 
c5 7.c3 c4 8.Bc2 Bd6 9.Ne5 Bxe5 10.dxe5 Nfd7 
11.Nd2 Nc6 12.Qg4 g5 13.Bh2 Ncxe5 14.Qd4 f6 15.Nf3 
Nxf3+ 16.gxf3 Qb6 17.Bg6+ Ke7 18.Qd2 h5 19.O-O-O 
Nc5 20.e4 Nd3+ 21.Kb1 Rh6 22.Bf5 exf5 23.exd5 Nxf2 
24.Rhe1+ Kf7 25.Qe2 Nxd1 26.Qe8+ 1-0

[Event "HCL-B3781"]
[Site "www.playchess.de"]
[Date "2006.01.11"]
[Round "21"]
[White "newplayer"]
[Black "Jule"]
[WhiteElo "1075"]
[BlackElo "1407"]
[PlyCount "72"]
[Result "0-1"]

1.e4 Nf6 2.e5 Nd5 3.d4 e6 4.Bc4 Nb6 5.Bd3 Be7 6.h4 
h6 7.a3 Bxh4 8.Nf3 Be7 9.a4 a6 10.c4 d6 11.c5 dxc5 
12.dxc5 Bxc5 13.Be3 Bb4+ 14.Nc3 Nd5 15.Bd2 Bxc3 
16.Bxc3 Nf4 17.Bf1 Qxd1+ 18.Rxd1 {happy2006}  O-O 
{Thank you. Likewise a happy new year}  19.b4 
{:-)}  b6 20.b5 Bb7 21.Rh4 Ng6 22.Rc4 Bxf3 23.gxf3 
axb5 24.Rxc7 bxa4 25.Bb4 Na6 26.Bxa6 Rfb8 27.Bb7 
Ra7 28.Rdd7 Nxe5 29.Rde7 Nd3+ 30.Kf1 Nxb4 31.Rexf7 
a3 32.Rfxg7+ Kf8 33.Rgh7 Kg8 34.f4 a2 35.Rhg7+ Kf8 
36.Rcf7+ {hi ich gebe auf werde mich mal mit 
haengenden ohren bis zum naechsten mal abmelden 
bye (das bloede pferd)}  Ke8 {Das Warum ist mir 
aber noch unklar. Das Pferd wird es nicht allein 
gewesen sein. Aber Entscheidung wird akzeptiert} 
 0-1

[Event "HCL-B3609"]
[Site "www.playchess.de"]
[Date "2006.01.11"]
[Round "2"]
[White "tirailleur"]
[Black "Daniela_Rodenas"]
[WhiteElo "1307"]
[BlackElo "1191"]
[PlyCount "61"]
[Result "1-0"]

1.e4 e5 2.Nf3 Nc6 3.Bc4 Nf6 4.Ng5 d5 5.exd5 Na5 
6.Bb5+ Bd7 7.Bxd7+ Nxd7 8.d4 exd4 9.Qxd4 b6 10.O-O 
Be7 11.Re1 O-O 12.Nf3 Bc5 13.Qd3 f6 14.Bd2 Ne5 
15.Nxe5 fxe5 16.Be3 Qd6 17.Nc3 Rf7 18.Ne4 Qe7 
19.Ng5 e4 20.Nxe4 Raf8 21.Ng5 R7f5 22.Bxc5 Qxc5 
23.Nf3 Rxd5 24.Qe4 Nc4 25.Rad1 Rxd1 26.Rxd1 Nxb2 
27.Rd5 Nc4 28.Rxc5 bxc5 29.Qxc4+ Kh8 30.Ng5 Re8 
31.Nf7+ 1-0

[Event "HCL-A2544"]
[Site "www.playchess.de"]
[Date "2006.01.11"]
[Round "11"]
[White "ippuli"]
[Black "GED"]
[WhiteElo "1606"]
[BlackElo "1445"]
[PlyCount "25"]
[Result "1-0"]

1.e4 {Hello from Finland... Good luck!}  c5 {hello 
from liverpool, good luck to you!}  2.d4 cxd4 3.c3 
dxc3 4.Bc4 e6 5.Nf3 cxb2 6.Bxb2 d6 7.O-O Qc7 8.Qe2 
Be7 9.Bxg7 Bf6 10.Bxh8 Bxa1 11.Bxa1 Nc6 12.Nc3 Bd7 
13.Nb5 1-0

[Event "HCL-B3715"]
[Site "www.playchess.de"]
[Date "2006.01.11"]
[Round "1"]
[White "kikkone"]
[Black "benace"]
[WhiteElo "1757"]
[BlackElo "1400"]
[PlyCount "71"]
[Result "1-0"]

1.e4 c5 2.Nf3 g6 3.d4 Bg7 4.c4 Nc6 5.dxc5 Qa5+ 
6.Bd2 Qxc5 7.Nc3 a6 8.Nd5 Nd4 9.Nxd4 Bxd4 10.Bb4 
Qc6 11.Qxd4 f6 12.Qb6 Qxb6 13.Nxb6 Rb8 14.Be2 d6 
15.O-O Be6 16.Nd5 Kf7 17.Rac1 Nh6 18.f3 Rhc8 
19.Bd2 Ng8 20.Be3 Rc6 21.c5 Rbc8 22.cxd6 R6xc1 
23.Rxc1 Rxc1+ 24.Bxc1 Bxd5 25.exd5 exd6 26.a4 Ne7 
27.Bc4 Nf5 28.Kf2 Nd4 29.Ke3 Nf5+ 30.Ke4 Ke7 31.b4 
Kd7 32.b5 axb5 33.axb5 Kc7 34.Be3 Nh4 35.b6+ Kd7 
36.Bf1 1-0

[Event "HCL-E1485"]
[Site "www.playchess.de"]
[Date "2006.01.11"]
[Round "3"]
[White "terry"]
[Black "baggur"]
[WhiteElo "1731"]
[BlackElo "1646"]
[PlyCount "121"]
[Result "1/2-1/2"]

1.e4 c5 2.a3 Nc6 3.d3 g6 4.c3 Bg7 5.Nf3 d5 6.exd5 
{hello once again and good skill.}  Qxd5 7.Be2 Nf6 
8.c4 Qd8 9.O-O O-O 10.Be3 b6 11.h3 Bb7 12.Qd2 Nd4 
13.Nxd4 cxd4 14.Bh6 Qc7 15.Bxg7 Kxg7 16.Qg5 h6 
17.Qg3 Qxg3 18.fxg3 Nd7 19.Nd2 e5 20.g4 a5 21.b4 
axb4 22.axb4 f5 23.Rxa8 Bxa8 24.g3 e4 25.gxf5 gxf5 
26.Nb3 exd3 27.Bxd3 Ne5 28.Nxd4 Nxd3 29.Ne6+ Kg8 
30.Nxf8 Kxf8 31.Rxf5+ Kg7 32.Rb5 Nb2 33.Rxb6 Nxc4 
34.Ra6 Bd5 35.g4 h5 36.gxh5 Kh7 37.h6 Be4 38.b5 
Bd5 39.Ra7+ Kxh6 40.b6 Nxb6 41.Ra6 Kg5 42.Rxb6 Kh4 
43.Kh2 Bf3 44.Rb4+ Kh5 45.Kg3 Be2 46.Re4 Bd3 
47.Re5+ Kh6 48.h4 Bg6 49.Kg4 Bf7 50.h5 Bb3 51.Kh4 
Bc4 52.Rc5 Be2 53.Rc8 Bd3 54.Rc6+ Kh7 55.Kg5 Be4 
56.Rh6+ Kg7 57.Rg6+ Bxg6 58.hxg6 Kg8 59.Kh6 {Merry 
Christmas Bjarta}  Kh8 {Merry Christmas to you}  
60.g7+ {And a Happy New Year}  Kg8 {happy new 
year}  61.Kg6 {Thanks for the game. Well played !} 
 1/2-1/2

[Event "HCL-M835"]
[Site "www.playchess.de"]
[Date "2006.01.11"]
[Round "22"]
[White "DANTONIFAYARD"]
[Black "Faroe_Bamsa"]
[WhiteElo "1718"]
[BlackElo "2253"]
[PlyCount "79"]
[Result "0-1"]

1.d4 Nf6 2.c4 g6 3.Nc3 d5 4.Nf3 Bg7 5.c5 c6 6.b4 
O-O 7.e3 Bg4 8.Be2 Qc7 9.a4 Nbd7 10.b5 e5 11.O-O 
Rfe8 12.a5 exd4 13.exd4 Ne4 14.Bb2 Ndxc5 15.Ne5 
Nxc3 16.Bxc3 Ne4 17.Bb2 Bxe2 18.Qxe2 f6 19.Ng4 Ng3 
20.Qf3 Nxf1 21.Rxf1 f5 22.Ne5 Bxe5 23.dxe5 Qxa5 
24.bxc6 bxc6 25.Ra1 Qb4 26.Bc3 Qe4 27.Qd1 c5 
28.Ra4 d4 29.Bd2 Rxe5 30.h3 Rb8 31.Ra1 c4 32.Qa4 
c3 33.Bh6 Reb5 34.Qxa7 R5b7 35.Qc5 R7b5 36.Qc7 Qe5 
37.Qc4+ Kh8 38.Qd3 R5b4 39.f3 Qb5 
40.Qe2 0-1

[Event "HCL-A2428"]
[Site "www.playchess.de"]
[Date "2006.01.11"]
[Round "36"]
[White "peakbagger"]
[Black "saemi"]
[WhiteElo "1349"]
[BlackElo "1632"]
[PlyCount "74"]
[Result "1/2-1/2"]

1.d4 Nf6 {Hi!}  2.c4 {Hi Sir - which city?}  e6 
3.Nc3 Bb4 {I live in Kópavogur, a suburb og 
Reykjavik.}  4.Nf3 {Oh yes - I remember.}  c5 5.e3 
Ne4 6.Qc2 Qa5 7.Bd2 Nxd2 8.Nxd2 cxd4 9.exd4 d5 
10.cxd5 Bxc3 11.Qxc3 Qxc3 12.bxc3 exd5 13.Bb5+ Nc6 
14.Bxc6+ bxc6 15.O-O Bf5 16.Rfe1+ Kd7 17.Nf3 f6 
18.Re3 Rhe8 19.Rae1 Rxe3 20.Rxe3 a5 21.h3 a4 22.g4 
Bb1 23.a3 Re8 24.Rxe8 Kxe8 25.Nd2 Bc2 26.f4 Ke7 
27.Kf2 Kd6 28.f5 Bd3 29.Ke3 Ba6 30.Nf3 Bf1 31.h4 
Bh3 32.Kf4 h6 33.g5 c5 34.Ng1 Bf1 35.Nf3 
{(offering draw)}  Kc6 36.gxf6 gxf6 37.Nh2 {Ok so 
you dont want a draw - but you cannot win}  Be2 
{(offering draw)}  1/2-1/2

[Event "HCL-M856"]
[Site "www.playchess.de"]
[Date "2006.01.11"]
[Round "5"]
[White "Rustaveli"]
[Black "Kimura"]
[WhiteElo "1789"]
[BlackElo "1860"]
[PlyCount "55"]
[Result "1/2-1/2"]

1.d4 {Hola, Julio! Saludos desde Brasil y buen 
juego!}  Nf6 {Saludos Jose. Espero que este sea un 
juego muy intereante!}  2.c4 g6 3.Nc3 Bg7 4.Nf3 
O-O 5.e4 d6 6.Bg5 c5 7.Be2 cxd4 8.Nxd4 Nc6 9.Nc2 
a6 10.O-O Be6 11.Qd2 Rc8 12.Ne3 Qa5 13.Ned5 Bxd5 
14.exd5 Ne5 15.b3 b5 16.Ne4 Qxd2 17.Nxd2 bxc4 
18.bxc4 Ned7 19.Rab1 Nc5 20.Nb3 h6 21.Nxc5 Rxc5 
22.Be3 Rcc8 23.Rb7 Rfe8 24.Rfb1 Ne4 25.Bf1 Nc5 
26.Bxc5 Rxc5 27.Re1 Bf6 28.Re3 {(offering draw)} 
 1/2-1/2

[Event "HCL-E1502"]
[Site "www.playchess.de"]
[Date "2006.01.11"]
[Round "5"]
[White "Vince"]
[Black "Dutchin"]
[WhiteElo "1737"]
[BlackElo "1657"]
[PlyCount "77"]
[Result "1-0"]

1.d4 {Welkom bij de schaak neuroten...}  Nf6 {Dank 
je, altijd beter dan de schaak leipo's :-)}  2.c4 
e6 3.Nf3 b6 4.Nc3 Bb7 5.e3 Bb4 6.Bd3 O-O 7.O-O c5 
8.Nb5 d6 9.a3 Ba5 10.dxc5 bxc5 11.Nxd6 Ba6 12.Ng5 
Nbd7 13.b4 Bc7 14.Nge4 Rb8 15.Nxc5 Nxc5 16.bxc5 
Ne8 17.Nxe8 Qxe8 18.Qh5 h6 19.h3 Qc6 20.e4 e5 
21.Be3 Rb3 22.Qe2 Rfb8 23.Rfd1 Ba5 24.Ra2 Qb7 
25.Bd2 Bxd2 26.Qxd2 Rb2 27.Rxb2 Qxb2 28.Qa5 Bxc4 
29.Bxc4 Qc2 30.Bxf7+ Kxf7 31.Qxa7+ Kg6 32.Rd6+ Kh7 
33.Qxb8 Qc1+ 34.Kh2 Qf4+ 35.Kh1 Qc1+ 36.Rd1 Qxd1+ 
37.Kh2 Qd4 38.c6 Qxe4 39.Qb6 1-0

[Event "HCL-B3723"]
[Site "www.playchess.de"]
[Date "2006.01.11"]
[Round "9"]
[White "gonz_human"]
[Black "Grunert"]
[WhiteElo "1342"]
[BlackElo "939"]
[PlyCount "28"]
[Result "0-1"]

1.d4 {Guten Tag ; )}  d5 {hallo}  2.c4 e6 3.Nc3 
dxc4 4.e3 Nc6 5.Bxc4 Nf6 6.Nf3 Bb4 7.a3 Bxc3+ 
8.bxc3 Ne4 9.Qc2 Nd6 10.Bd3 h6 11.e4 O-O 12.O-O b6 
13.Re1 Bb7 14.Bf4 Re8 0-1

[Event "HCL-B3801"]
[Site "www.playchess.de"]
[Date "2006.01.11"]
[Round "5"]
[White "ariel1978"]
[Black "Varaboca"]
[WhiteElo "1332"]
[BlackElo "1039"]
[PlyCount "57"]
[Result "1-0"]

1.d4 d5 2.c4 Qd7 3.e3 e6 4.Nc3 Nf6 5.Nf3 Nc6 
6.cxd5 exd5 7.Bb5 a6 8.Ne5 Qd6 9.Bxc6+ bxc6 10.O-O 
Ne4 11.Qf3 f6 12.Qh5+ Kd8 13.Nf7+ Ke7 14.Nxd6 cxd6 
15.Nxe4 dxe4 16.Bd2 a5 17.Rac1 g6 18.Qe2 Ba6 
19.Qe1 Bxf1 20.Kxf1 Kd7 21.Bxa5 d5 22.Qc3 Rc8 
23.Qb3 Bd6 24.Qb7+ Bc7 25.Qxc6+ Ke7 26.Bxc7 Kf7 
27.Qd7+ Kg8 28.Qxc8+ Kg7 29.Qd7+ 1-0

[Event "HCL-C4014"]
[Site "www.playchess.de"]
[Date "2006.01.11"]
[Round "9"]
[White "Milosforman"]
[Black "Farquhart"]
[WhiteElo "937"]
[BlackElo "376"]
[PlyCount "53"]
[Result "1-0"]

1.d4 d5 2.Nf3 Nc6 3.e3 e6 4.Bb5 a6 5.Bxc6+ bxc6 
6.Bd2 Nf6 7.h3 Rb8 8.Nc3 h5 9.Ne5 Ne4 10.Nxe4 dxe4 
11.Nxc6 Qg5 12.O-O Bd6 13.Nxb8 Rh6 14.f3 Rg6 
15.Rf2 exf3 16.e4 Qh4 17.Rxf3 e5 18.d5 Bxh3 
19.Rxh3 Qg4 20.Qxg4 Rxg4 21.Rxh5 Rxe4 22.Nxa6 g6 
23.Re1 Ra4 24.Nb8 Rxa2 25.Bg5 Rxb2 26.Rh8+ Bf8 
27.Rxe5+ 1-0

[Event "HCL-B3733"]
[Site "www.playchess.de"]
[Date "2006.01.11"]
[Round "5"]
[White "DavidFields"]
[Black "janaj"]
[WhiteElo "1311"]
[BlackElo "1163"]
[PlyCount "94"]
[Result "0-1"]

1.d4 {hello from Texas, USA}  d5 {Hello from 
Munich, Germany}  2.c4 dxc4 3.e4 c6 4.Bxc4 e6 
5.Nc3 g6 6.f4 Bg7 7.Nf3 Ne7 8.O-O O-O 9.Qd3 Nd7 
10.Nh4 Nb6 11.Bb3 Bd7 12.e5 Nbd5 13.Ne4 Nf5 
14.Nxf5 exf5 15.Nd6 Rb8 16.Qh3 Be6 17.Bc2 a6 18.a3 
Nb6 19.Rf3 Bd5 20.Rg3 Be6 21.Be3 Nd5 22.b4 Nxe3 
23.Rxe3 Qd7 24.Qf3 Rfd8 25.Rd1 Bf8 26.Nc4 Bxc4 
27.h4 b5 28.h5 Bd5 29.Qh3 Be6 30.hxg6 fxg6 31.Rg3 
Bg7 32.Rg5 Qf7 33.Rd3 Bc4 34.Rdg3 Rxd4 35.Qh4 Be6 
36.Kh2 Bxe5 37.Rf3 Bf6 38.Qg3 Bxg5 39.fxg5 f4 
40.Qh4 Bd5 41.Rc3 Qc7 42.Kh1 Qe5 43.Rh3 Qg7 44.Rc3 
f3 45.Qg3 fxg2+ 46.Kg1 Rf8 47.Rxc6 
Bxc6 0-1

[Event "HCL-C4063"]
[Site "www.playchess.de"]
[Date "2006.01.11"]
[Round "6"]
[White "cheloveck"]
[Black "Ulpe"]
[WhiteElo "976"]
[BlackElo "1473"]
[PlyCount "61"]
[Result "0-1"]

1.e4 c5 2.Nf3 d6 3.d4 cxd4 4.Nxd4 Nf6 5.Nc3 a6 
6.Bc4 e6 7.O-O Be7 8.Re1 b5 9.Be2 b4 10.Na4 Nxe4 
11.b3 d5 12.Bf3 O-O 13.Bxe4 dxe4 14.Rxe4 Bb7 
15.Rg4 Nc6 16.Bb2 Ne5 17.Rg3 Bh4 18.Rh3 Ng6 19.Nf3 
Be7 20.Qxd8 Rfxd8 21.c3 Nf4 22.Rh4 Ne2+ 23.Kf1 
bxc3 24.Bxc3 Nxc3 25.Nxc3 Bxf3 26.Rh3 Bc6 27.Na4 
Bb5+ 28.Kg1 Bf6 29.Rc1 Rac8 30.Re1 Rc2 
31.Rc3 0-1

[Event "HCL-M822"]
[Site "www.playchess.de"]
[Date "2006.01.11"]
[Round "9"]
[White "steeve"]
[Black "DreamGamer"]
[WhiteElo "1537"]
[BlackElo "1577"]
[PlyCount "103"]
[Result "1-0"]

1.e4 {hi, Good luck!
}  c5 {Good GAME =)}  2.d4 {how did you get here, 
you were demoted :)}  cxd4 {Haha, yea..but I was 
M-level player when I got in this tournament I 
guess ;P Nice to play with you again.}  3.c3 dxc3 
4.Nxc3 Nc6 5.Nf3 e6 6.Bc4 Bc5 7.O-O Nf6 8.Qe2 Qb6 
9.Bd2 Qxb2 10.Rab1 Qxb1 11.Rxb1 d6 12.Be3 O-O 
13.Bxc5 dxc5 14.Nb5 Rd8 15.e5 Nd5 16.Bxd5 exd5 
17.Nd6 b6 18.Nxc8 Raxc8 19.e6 Rc7 20.exf7+ Rxf7 
21.Qe6 Nd4 22.Nxd4 cxd4 23.Rd1 Kf8 24.Rxd4 Rf6 
25.Qh3 Kg8 26.Qb3 Rfd6 27.f4 a5 28.a4 Kf7 29.Kf2 
Kg8 30.g4 Kh8 31.Kg3 g6 32.h4 Kg7 33.Qe3 R8d7 
34.Qe5+ Kf7 35.h5 gxh5 36.Qxh5+ Kg8 37.Qe8+ Kg7 
38.Qe5+ Kg6 39.Kh4 h6 40.Qh8 Kf7 41.Kh5 Re7 42.g5 
hxg5 43.fxg5 Ke6 44.Qg8+ Ke5 45.Qh8+ Ke6 46.Qf6+ 
Kd7 47.Qf5+ Kc6 48.Qc8+ Rc7 49.Qe8+ Kc5 50.Rd1 
Rh7+ 51.Kg4 Rhd7 52.Qc8+ 1-0

[Event "HCL-M835"]
[Site "www.playchess.de"]
[Date "2006.01.11"]
[Round "27"]
[White "Faroe_Bamsa"]
[Black "PLAYCHESS1963"]
[WhiteElo "2253"]
[BlackElo "1774"]
[PlyCount "69"]
[Result "1-0"]

1.e4 {Hi nice to meet you :o) I hope we will have 
a good and fair game. Good luck - May the best 
player win c",)}  c5 2.f4 d6 3.Nf3 a6 4.Be2 Nc6 
5.d3 g6 6.O-O Bg7 7.c3 f5 8.Qb3 Na5 9.Qc2 e6 
10.Re1 Ne7 11.Be3 O-O 12.Nbd2 b5 13.Rad1 Bb7 
14.Ng5 Qd7 15.Nb3 Nac6 16.Qd2 h6 17.Nf3 {Are you 
aware that 12 of your first 16 moves (3/4 or 75%) 
have been either a pawn or a night move? :o) 50% 
of your moves this far have been pawn moves. You 
are well developed though (considering), but are 
you not worried about weakening your defence? 
c",)}  a5 {I think I'm fine far now...we'll see 
though...}  18.e5 {:o)}  a4 19.exd6 axb3 20.dxe7 
Qxe7 21.axb3 Rfd8 22.Bf2 b4 23.Bh4 Bf6 24.Bxf6 
Qxf6 25.Qe3 Ra5 26.Bf1 Re8 27.d4 cxd4 28.Nxd4 Nxd4 
29.Rxd4 Ra2 30.Rxb4 Bd5 31.Bc4 Qd8 32.Qd4 Rxb2 
33.Bxd5 {Now, that was not a good move.}  exd5 
{Was there any better? It is lost for me 
anyway...}  34.Rxe8+ {*-.-*-.-*Happy 
Newyear*-.-*-.-* Well, you are probably right 
about this game being lost anyway, so it didn't 
realy make any difference :o)}  Qxe8 {Happy New 
Year to you too...watch out for check-mate:)}  
35.Qxd5+ {Yea :o) It is probably a good idea for 
me to play h3 next.}  1-0

[Event "HCL-C4053"]
[Site "www.playchess.de"]
[Date "2006.01.11"]
[Round "7"]
[White "IRONMAIDEN"]
[Black "keneddy"]
[WhiteElo "1445"]
[BlackElo "857"]
[PlyCount "45"]
[Result "1-0"]

1.e4 {hello!}  e5 {Hi! Your name is good! I listen 
Maiden.}  2.Nc3 {so this is a dance of the death, 
mr. president...}  Nf6 3.Bc4 Bb4 4.a3 Bxc3 5.dxc3 
O-O 6.Qd3 d6 7.Ne2 Nc6 8.O-O b6 9.f4 Re8 10.f5 Bb7 
11.Ng3 a5 12.Bd5 h6 13.Qf3 Qd7 14.Bd2 Ba6 15.Nh5 
Bxf1 16.Nxf6+ gxf6 17.Rxf1 Kf8 18.Qh5 Kg7 19.Qxh6+ 
Kg8 20.Rf3 Ne7 21.Rg3+ Ng6 22.fxg6 c6 
23.gxf7+ 1-0

[Event "HCL-C3898"]
[Site "www.playchess.de"]
[Date "2006.01.11"]
[Round "11"]
[White "hun"]
[Black "elfrun"]
[WhiteElo "1270"]
[BlackElo "934"]
[PlyCount "53"]
[Result "1-0"]

1.e4 {hallo, elfrun!  :)}  Nf6 {hallo nach 
Oesterreich!
wir hatten noch nicht das vergnuegen, oder?}  2.e5 
{...nein noch nicht, also auf unsere erste Schach 
spiel!!   :)
Gruß   aus  Wien!}  Ne4 {aus Wien! :o) 

gruss aus Rostock!}  3.f3 {..aus hohe Norden!  :)  
 Hi!}  Nf2 {ja, ich hab's nicht weit zur 
Ostseekueste...}  4.Kxf2 f5 5.f4 {... spielst du 
oft Schach ?}  e6 {nee, ausserhalb von playchess 
gar nicht... drum verbessere ich mich wohl auch 
nicht :o( bitte entschulde die verzoegerung, hatte 
wenig zeit...}  6.d4 {...kein problem,ich habe 
momentan auch fiel zu tun und somit komme auch 
nicht so oft zum ziehen...  :)
Wünsche Dir 'n schönes Wochenende!}  d5 {danke, 
war ein schoen langes wochenende :o) 

wegen Reformationstag (und nicht Halloween...)}  
7.Nf3 Be7 8.h3 c5 9.Bb5+ Bd7 10.a4 a6 11.Bxd7+ 
Nxd7 12.Be3 b5 13.axb5 axb5 14.dxc5 Rxa1 15.c6 Nb6 
16.Qd4 Nc4 17.b3 Rxb1 18.Rxb1 Nxe3 19.Kxe3 b4 
20.Qa7 O-O 21.c7 Qc8 22.Ra1 Bd8 23.cxd8Q Rxd8 
{Alles Gute fuer 2006! Happy New Year!}  24.Nd4 
{...danke, wünsche ich dir auch!   
;)
Prosit 2006!!!   :)}  Rf8 25.Kf2 Rf7 26.Qb6 Qb7 
27.Qxe6 1-0

[Event "HCL-B3763"]
[Site "www.playchess.de"]
[Date "2006.01.11"]
[Round "17"]
[White "TNT2"]
[Black "epenz"]
[WhiteElo "1200"]
[BlackElo "984"]
[PlyCount "99"]
[Result "1-0"]

1.Nf3 d5 2.d4 Nc6 3.Bf4 e6 4.c4 dxc4 5.e4 Bb4+ 
6.Nc3 Nf6 7.a3 Bxc3+ 8.bxc3 O-O 9.e5 Nd7 10.Bxc4 
a6 11.O-O b5 12.Bd3 Na7 13.Bxh7+ Kxh7 14.Ng5+ Kg6 
15.Qd3+ f5 16.exf6+ Kxf6 17.Nh7+ Ke7 18.Nxf8 Kxf8 
19.Qh7 Bb7 20.Qh8+ Kf7 21.Qxd8 Rxd8 22.Bxc7 Rc8 
23.Ba5 Rc4 24.Rfd1 Nc6 25.Bb4 a5 26.d5 Nxb4 
27.dxe6+ Kxe6 28.axb4 axb4 29.cxb4 Rxb4 30.h3 Ra4 
31.Rde1+ Ne5 32.Rxa4 bxa4 33.f4 a3 34.fxe5 Bd5 
35.Kf2 a2 36.g4 g5 37.Kg3 Kf7 38.h4 Kg6 39.h5+ Kf7 
40.Kf2 Be6 41.Ra1 Kg7 42.Kf3 Kf7 43.Ke4 Bb3 44.Kf5 
Be6+ 45.Kxg5 Kg7 46.h6+ Kh7 47.Kf6 Bxg4 48.Rxa2 
Kxh6 49.Rh2+ {With exchange rook for bishop and 
pawn promoting for sure....}  Bh5 50.e6 {How about 
a Bishop for free- no exchange.} 
 1-0

[Event "HCL-C3952"]
[Site "www.playchess.de"]
[Date "2006.01.11"]
[Round "25"]
[White "JerryReneau"]
[Black "JRockne"]
[WhiteElo "1117"]
[BlackElo "1054"]
[PlyCount "83"]
[Result "1-0"]

1.d4 d5 2.e3 Nf6 3.c4 Nc6 4.c5 Bg4 5.Be2 Bf5 6.Nc3 
e6 7.h3 Be7 8.a3 O-O 9.Nf3 h6 10.O-O Rb8 11.Bd3 
Bxd3 12.Qxd3 Nh7 13.e4 dxe4 14.Nxe4 Bf6 15.Nxf6+ 
Nxf6 16.b4 Re8 17.Bd2 e5 18.Qc4 e4 19.Ne1 Nxd4 
20.Nc2 Nf3+ 21.gxf3 Qxd2 22.Rfd1 Qg5+ 23.Kf1 exf3 
24.Ne3 Rbd8 25.Ng4 Nxg4 26.Qxg4 Qxg4 27.hxg4 Rxd1+ 
28.Rxd1 Re4 29.Rd7 Rxg4 30.Rxc7 Rd4 31.Ke1 g5 
32.Rxb7 a5 33.bxa5 Ra4 34.c6 Rxa5 35.c7 Rc5 
36.Rb8+ Kg7 37.c8Q Rxc8 38.Rxc8 h5 39.a4 h4 40.Rc3 
g4 41.a5 h3 42.a6 1-0

[Event "HCL-E1533"]
[Site "www.playchess.de"]
[Date "2006.01.11"]
[Round "10"]
[White "Matu"]
[Black "Abra"]
[WhiteElo "1553"]
[BlackElo "1500"]
[PlyCount "86"]
[Result "0-1"]

1.e4 e5 {Hello again,gg
}  2.Nf3 {hello again and good luck}  Nc6 3.Bc4 h6 
4.c3 Nf6 5.O-O Be7 6.b4 a6 7.h3 O-O 8.a4 Nxe4 
9.Re1 d5 10.b5 axb5 11.Bxb5 Na7 12.Bb2 Nxb5 
13.axb5 Rxa1 14.Bxa1 Bc5 {Best wishes for 
2006
}  15.Re2 Qf6 16.d3 {for you too}  Ng5 17.Nxe5 
Bxf2+ 18.Kh1 Bg3 19.Nd2 Bxe5 20.d4 Bg3 21.Bb2 Ne6 
22.Nf1 Bd6 23.Bc1 Qh4 24.Nh2 Qg3 25.Nf3 Ng5 
26.Bxg5 hxg5 27.Qe1 g4 28.Qxg3 Bxg3 29.Ng1 gxh3 
30.gxh3 Bd7 31.Kg2 Bd6 32.Rb2 Ra8 33.Nf3 Ra3 34.b6 
Rxc3 35.bxc7 Rxc7 36.Rb6 Rc2+ 37.Kg1 Bc6 38.Rb3 b5 
39.Ne1 Rc4 40.Nf3 b4 41.Kf2 Ba4 42.Rb1 b3 43.Nd2 
Rxd4 0-1

[Event "HCL-E1502"]
[Site "www.playchess.de"]
[Date "2006.01.11"]
[Round "2"]
[White "Tarrega"]
[Black "Glomp"]
[WhiteElo "1509"]
[BlackElo "1660"]
[PlyCount "52"]
[Result "0-1"]

1.c4 {hello again
hello again}  Nf6 {yes, hello again}  2.g3 g6 
3.Bg2 Bg7 4.Nc3 Nc6 5.e4 d6 6.Nge2 O-O 7.d3 a6 
8.f4 Rb8 9.O-O Nd7 10.f5 Nd4 11.fxg6 hxg6 12.Nxd4 
Bxd4+ 13.Kh1 Kg7 14.Ne2 Bf6 15.d4 Nb6 16.Bf4 Nxc4 
17.Qc1 b5 18.Bh6+ Kh7 19.Bxf8 Qxf8 20.Rb1 Qg7 
21.b3 Nb6 22.e5 dxe5 23.Qxc7 Nd7 24.Bc6 exd4 
25.Bxd7 Be5 26.Qc6 Bb7 0-1

[Event "HCL-E1518"]
[Site "www.playchess.de"]
[Date "2006.01.11"]
[Round "2"]
[White "Arman_Bulatov"]
[Black "badplayer"]
[WhiteElo "1628"]
[BlackElo "1573"]
[PlyCount "30"]
[Result "0-1"]

1.e4 c5 {Hullo Have a nice game}  2.Nf3 {hi same 2 
you}  d6 3.d4 cxd4 4.Nxd4 Nf6 5.Nc3 a6 6.Be2 e6 
7.O-O Be7 8.a4 b6 9.Kh1 Bb7 10.Bf3 Qc7 11.g3 Nbd7 
12.Nb3 Rc8 13.Bg2 O-O 14.Be3 Nc5 15.Nxc5 
bxc5 0-1